Cooperation and community in rural Thailand: an organizational analysis of participatory rural development (Record no. 2300)

MARC details
000 -LEADER
fixed length control field 00634nam a2200181Ia 4500
020 ## - INTERNATIONAL STANDARD BOOK NUMBER
ISBN 4-258-52035-7
082 ## - DEWEY DECIMAL CLASSIFICATION NUMBER
Classification number 307.7209593 SHI-;
100 ## - MAIN ENTRY--AUTHOR NAME
Personal name Shigetomi, Shinichi
245 #0 - TITLE STATEMENT
Title Cooperation and community in rural Thailand: an organizational analysis of participatory rural development
260 ## - PUBLICATION, DISTRIBUTION, ETC. (IMPRINT)
Place of publication Tokyo
Name of publisher Institute of Developing Economics
Year of publication 1998
300 ## - PHYSICAL DESCRIPTION
Number of Pages 148p.
504 ## - BIBLIOGRAPHY, ETC. NOTE
Bibliography, etc Includes index
650 ## - SUBJECT ADDED ENTRY--TOPICAL TERM
Topical Term Rural development - Sociological aspects - Thailand
650 ## - SUBJECT ADDED ENTRY--TOPICAL TERM
Topical Term Thailand - Rural conditions
650 ## - SUBJECT ADDED ENTRY--TOPICAL TERM
Topical Term Sociology - Thailand
650 ## - SUBJECT ADDED ENTRY--TOPICAL TERM
Topical Term Rural development - International cooperation - Thailand
942 ## - ADDED ENTRY ELEMENTS (KOHA)
Koha item type Books
Holdings
Withdrawn status Lost status Damaged status Not for loan Home library Current library Date acquired Bill Date Full call number Accession Number Price effective from Koha item type
        NASSDOC Library NASSDOC Library 08/06/2004 2004-10-05 307.7209593 SHI-; 36888 18/04/2019 Books